000 00512nam a2200169 i 4500
001 C2-0235885
003 PPAK
005 20180729161612.0
008 010923s1990 my |||| ||||| | may d
040 _aPPAK
_beng
_cPPAK
_erda
245 0 0 _aKunjungan Muhibah Perdana Menteri ke Indonesia, Thailand dan Singapura
264 1 _aAlor Setar, Kedah :
_bPerbadanan Perpustakaan Awam Kedah ,
_c1990
336 _2rdacontent
_atext
337 _2rdamedia
_aunmediated
338 _2rdacarrier
_avolume
942 _ddc
_cB
999 _c164806
_d164806